000 00574nam a2200229Ia 4500
003 OSt
005 20220924133112.0
006 a|||||r|||| 00| 0
007 ta
008 220923b |||||||| |||| 00| 0 tam d
024 _a257393
037 _cTextual
040 _aARTS
_cARTS
_btam
041 _2tam
_atam
082 _aO31,1M82w, N8
100 _aViswanathan
_9205646
245 0 _aMohakavi bharati varalaru
260 _c1998
650 _aTAMIL LITERATURE
942 _hO31,1M82w, N8
_cTEXL
_2CC
999 _c432614
_d432614